000 00280nam a2200121Ia 4500
008 191201s2006 xx 000 0 und d
100 _aRICH, Elain
245 0 _aArtificial Intelligence
260 _aN. Delhi
_bTMH
_c2006
300 _a621
650 _aB.Tech(ECE)
942 _2ddc
_cBK
999 _c335
_d335